00572nam a2200181Ia 4500008004100000020001500041020001800056041000800074050002200082100001400104245005800118246004600176260003800222300002700260650003500287650002900322650003900351200826s9999||||xx |||||||||||||| ||und|| a9624572917 a9789624572919 achi aBR138b.W824 2005 a吳國傑 0a真貌重尋: b教會歷史研究導引 /c吳國傑 a真貌重寻 :b教会历史研究导引/ a香港 : b基道出版社,c2005 axv, 296 p.b; c21 cm. aChurch history Historiography. aChurch history Research. aChurch history Study and teaching.